[Event "Tournament 14459 - Europe Echecs"]
[Site "Europe Echecs"]
[Date "2020.07.07"]
[Round "3"]
[Time "15:11:54"]
[PlyCount "63"]
[White "BenseddikYanis"]
[Black "AngeleAndreas"]
[WhiteElo "1320"]
[BlackElo "799"]
[Mode "WEB"]
[Result "1/2-1/2"]

1. d4 d5 2. e4 dxe4 3. Nc3 Nf6 4. f3 exf3 5. Nxf3 Nc6 6. Bb5 a6 7. Bxc6+ bxc6 8.
O-O Bg4 9. Bf4 Bxf3 10. Qxf3 e6 11. Rae1 Bd6 12. Bxd6 cxd6 13. Ne4 Nxe4 14. Qxe4
d5 15. Qf3 O-O 16. Re3 Rb8 17. b3 Qa5 18. Qh5 Qxa2 19. Rh3 Qxc2 20. Rf2 Qe4 21.
Re2 Qg6 22. Qh4 a5 23. Ree3 a4 24. Reg3 Qf5 25. Rg5 Qxh3 26. Qxh3 Rxb3 27. Rg3
Rb1+ 28. Kf2 Rb2+ 29. Kg1 Rb1+ 30. Kf2 Rb2+ 31. Kg1 Rb1+ {Nulle par répétition} 1/2-1/2

[Event "Tournament 14459 - Europe Echecs"]
[Site "Europe Echecs"]
[Date "2020.07.07"]
[Round "3"]
[Time "15:11:54"]
[PlyCount "63"]
[White "BaloulYaksen"]
[Black "ChanthavongsaN"]
[WhiteElo "799"]
[BlackElo "1253"]
[Mode "WEB"]
[Result "0-1"]

1. e4 c5 2. d3 d6 3. c3 Nf6 4. d4 cxd4 5. cxd4 Nxe4 6. f3 Nf6 7. Nh3 Bxh3 8.
gxh3 Nc6 9. Nc3 Qb6 10. a3 Qxd4 11. Bd2 Qh4+ 12. Ke2 Nd4+ 13. Ke3 Nf5+ 14. Ke2
Qh5 15. Ke1 Nd4 16. b3 Qxf3 17. Qc1 Nxb3 18. Qb1 Nxa1 19. Qxa1 Qxh1 20. Nd1 Qxh2
21. a4 Ne4 22. a5 Ng3 23. Qb1 Rb8 24. Qa1 Nxf1 25. Kxf1 Qxd2 26. Ne3 Qxe3 27.
Qc1 Qxc1+ 28. Kf2 Qf4+ 29. Kg2 Rc8 30. h4 Rc2+ 31. Kh3 Rh2# {BaloulYaksen est échec et mat} 0-1

[Event "Tournament 14459 - Europe Echecs"]
[Site "Europe Echecs"]
[Date "2020.07.07"]
[Round "3"]
[Time "15:11:54"]
[PlyCount "57"]
[White "DurieuxSacha"]
[Black "SenegasAngelo"]
[WhiteElo "799"]
[BlackElo "1200"]
[Mode "WEB"]
[Result "0-1"]

1. Na3 e5 2. Nh3 d5 3. Ng5 Qxg5 4. Nb5 Na6 5. Nxc7+ Nxc7 6. g4 Qxg4 7. f3 Qc4 8.
b3 Qc5 9. b4 Qxb4 10. a3 Qa5 11. a4 Bc5 12. Ra2 Nf6 13. Ba3 O-O 14. Bxc5 Qxc5
15. c4 Qxc4 16. a5 Qxa2 17. d4 Qxa5+ 18. Kf2 exd4 19. Qxd4 Nb5 20. Qxd5 Nxd5 21.
Kg1 Qb6+ 22. e3 Qxe3+ 23. Kg2 Nf4+ 24. Kg3 Nd6 25. Ba6 bxa6 26. Rd1 Ne2+ 27. Kg2
Bb7 28. Re1 Qxf3# {DurieuxSacha est échec et mat} 0-1

[Event "Tournament 14459 - Europe Echecs"]
[Site "Europe Echecs"]
[Date "2020.07.07"]
[Round "3"]
[Time "15:11:54"]
[PlyCount "73"]
[White "FassiMaeliaAl"]
[Black "BeddiarSouhil"]
[WhiteElo "799"]
[BlackElo "1100"]
[Mode "WEB"]
[Result "0-1"]

1. e4 e5 2. Bc4 Bc5 3. Nf3 Nf6 4. O-O Nxe4 5. Nc3 Nf6 6. Re1 d6 7. Re2 Ng4 8.
Re1 Bxf2+ 9. Kf1 Bxe1 10. Kxe1 Nxh2 11. Kf2 Nxf3 12. Kxf3 Qf6+ 13. Kg3 Qg5+ 14.
Kh2 Qh5+ 15. Kg1 Bg4 16. d4 Bxd1 17. Bd2 Bf3 18. Bc1 Bxg2 19. Bf1 Bxf1 20. Kxf1
Qf5+ 21. Bf4 Qxf4+ 22. Ke2 Qh2+ 23. Kd3 O-O 24. Kc4 Rd8 25. Kb3 exd4 26. Nb1
Qh3+ 27. Nc3 dxc3 28. Ka4 cxb2 29. a3 bxa1=Q 30. Kb4 Qaxa3+ 31. Kc4 Qh5 32. c3
Qa4+ 33. Kd3 Qh3+ 34. Kd2 Qa2+ 35. Kc1 Qxc3+ 36. Kd1 Qcd2# {FassiMaeliaAl est échec et mat} 0-1

[Event "Tournament 14459 - Europe Echecs"]
[Site "Europe Echecs"]
[Date "2020.07.07"]
[Round "3"]
[Time "15:11:54"]
[PlyCount "52"]
[White "HorsotMaeva"]
[Black "BaudinMarkus"]
[WhiteElo "1070"]
[BlackElo "799"]
[Mode "WEB"]
[Result "1-0"]

1. e4 e5 2. Nf3 Bc5 3. Nxe5 Bf8 4. Nf3 a5 5. Nc3 Bc5 6. Bc4 Ba7 7. O-O Na6 8.
Bxa6 c6 9. Be2 Bb8 10. d4 Qc7 11. Be3 d5 12. exd5 Bg4 13. g3 Bxf3 14. Bxf3 cxd5
15. Nxd5 Qd6 16. Nc3 h6 17. d5 h5 18. Qd4 h4 19. Qxg7 Rh6 20. Qxg8+ Ke7 21. Bg5+
Rf6 22. Bxf6+ Kxf6 23. Bh5 Ke5 24. Qg5+ f5 25. Qxh4 f4 26. Qxf4# {BaudinMarkus est échec et mat} 1-0

[Event "Tournament 14459 - Europe Echecs"]
[Site "Europe Echecs"]
[Date "2020.07.07"]
[Round "3"]
[Time "15:11:54"]
[PlyCount "106"]
[White "BainthouverezA"]
[Black "BernardLudovic"]
[WhiteElo "1058"]
[BlackElo "799"]
[Mode "WEB"]
[Result "1-0"]

1. c4 e5 2. e3 Nc6 3. Nc3 Nf6 4. g3 Bc5 5. Bg2 d6 6. Nge2 O-O 7. O-O Ng4 8. h3
Qg5 9. Ne4 Qh6 10. Nxc5 dxc5 11. b3 Bf5 12. f3 Nd4 13. fxg4 Be4 14. Nxd4 Bxg2
15. Kxg2 cxd4 16. exd4 exd4 17. Bb2 Qc6+ 18. Qf3 Qg6 19. Bxd4 Rad8 20. Be3 Qc2
21. Rfd1 Qd3 22. Qxb7 Rb8 23. Qxc7 Rbe8 24. Qf4 Qd7 25. Qd4 Qb7+ 26. Qd5 Qc7 27.
Qc5 Qxc5 28. Bxc5 Re2+ 29. Bf2 Rfe8 30. Re1 R2e7 31. Rxe7 Rxe7 32. Re1 Kf8 33.
Rxe7 Kxe7 34. Kf3 f6 35. Ke4 Ke6 36. c5 g6 37. Kd4 f5 38. Kc4 Ke5 39. gxf5 gxf5
40. Kb5 f4 41. gxf4+ Kxf4 42. c6 Ke5 43. c7 Kd6 44. c8=Q Ke5 45. Qc5+ Ke6 46.
Kc6 h6 47. Qd5+ Kf6 48. Kd6 h5 49. Qe5+ Kf7 50. Kd7 Kg6 51. Qe6+ Kg5 52. Qf7 h4
53. Be3# {BernardLudovic est échec et mat} 1-0

[Event "Tournament 14459 - Europe Echecs"]
[Site "Europe Echecs"]
[Date "2020.07.07"]
[Round "3"]
[Time "15:11:54"]
[PlyCount "130"]
[White "FortinGuilhem"]
[Black "BlanchardEmile"]
[WhiteElo "1043"]
[BlackElo "799"]
[Mode "WEB"]
[Result "1-0"]

1. e4 e5 2. Nf3 Nf6 3. Nc3 Nc6 4. Bc4 Bc5 5. O-O d6 6. d3 Bg4 7. h3 Bd7 8. Bg5
h6 9. Bxf6 gxf6 10. Nd5 Be6 11. Nc3 Bxc4 12. dxc4 Qd7 13. a3 O-O-O 14. b4 Bd4
15. b5 Nb8 16. Nxd4 exd4 17. Qxd4 c6 18. a4 cxb5 19. axb5 a6 20. Nd5 axb5 21.
cxb5 Qxb5 22. Nxf6 Nc6 23. Qc3 Qb6 24. Rab1 Qa6 25. Ra1 Qb6 26. Rfb1 Qc7 27.
Ra8+ Nb8 28. Qxc7+ Kxc7 29. Nd5+ Kc8 30. c4 Rhg8 31. Rc1 Rge8 32. c5 dxc5 33.
Rxc5+ Kd7 34. Rc7+ Kd6 35. Rxb7 Kc6 36. Raa7 Kd6 37. Rxf7 Nc6 38. Rf6+ Ke5 39.
Rxc6 Rd6 40. Rxd6 Kxd6 41. Nc3 Re7 42. Ra6+ Kd7 43. Rxh6 Re6 44. Rxe6 Kxe6 45.
g4 Kf6 46. Kg2 Kg5 47. Kg3 Kf6 48. f4 Ke6 49. g5 Kf7 50. Kh4 Kg6 51. f5+ Kf7 52.
g6+ Ke7 53. Kg5 Kd7 54. Kf6 Kd6 55. g7 Kd7 56. g8=Q Kd6 57. Qe6+ Kc7 58. Ke5 Kb7
59. Kd5 Ka7 60. Kc5 Kb7 61. Qd6 Ka7 62. Kb5 Kb7 63. Qd7+ Kb8 64. Kb6 Ka8 65.
Qb7# {BlanchardEmile est échec et mat} 1-0

[Event "Tournament 14459 - Europe Echecs"]
[Site "Europe Echecs"]
[Date "2020.07.07"]
[Round "3"]
[Time "15:11:54"]
[PlyCount "109"]
[White "LemoalAssiya"]
[Black "BoursierIrina"]
[WhiteElo "1040"]
[BlackElo "799"]
[Mode "WEB"]
[Result "0-1"]

1. e4 e6 2. Nf3 Bc5 3. Nc3 d5 4. Bb5+ c6 5. O-O cxb5 6. exd5 exd5 7. Qe2+ Be6 8.
d3 Bb4 9. Qd2 Bxc3 10. Qxc3 Nc6 11. Ne5 Nxe5 12. Qxe5 Nf6 13. Qf4 O-O 14. Qd4 a5
15. Qe5 b4 16. Bg5 a4 17. Bxf6 gxf6 18. Qh5 b3 19. cxb3 axb3 20. axb3 Rxa1 21.
Rxa1 d4 22. Re1 Bxb3 23. Re3 dxe3 24. fxe3 Bc2 25. Qg4+ Kh8 26. Qh5 Bxd3 27. Qh6
Re8 28. Qh5 Rxe3 29. h3 Bg6 30. Qg4 Re4 31. Qg3 Qb6+ 32. Kh2 Qb5 33. Qf3 Qf5 34.
Qg3 Qe5 35. Qxe5 Rxe5 36. h4 Rb5 37. g3 Rxb2+ 38. Kh3 Bf5+ 39. g4 Bxg4+ 40. Kxg4
Rh2 41. Kf5 Rxh4 42. Kxf6 b5 43. Kxf7 b4 44. Kf6 b3 45. Kf5 b2 46. Ke5 b1=Q 47.
Kd5 Rh2 48. Kd6 Qb3 49. Kd7 Rh4 50. Ke7 Ra4 51. Ke8 Qb5+ 52. Kf8 Ra6 53. Kf7
Qb7+ 54. Kf8 Ra8# {LemoalAssiya est échec et mat} 0-1

[Event "Tournament 14459 - Europe Echecs"]
[Site "Europe Echecs"]
[Date "2020.07.07"]
[Round "3"]
[Time "15:11:54"]
[PlyCount "72"]
[White "GabeTom"]
[Black "LottiauNathan"]
[WhiteElo "799"]
[BlackElo "1033"]
[Mode "WEB"]
[Result "1-0"]

1. e4 e5 2. d3 Nf6 3. Nc3 Nc6 4. Be2 Bb4 5. Bd2 d6 6. Nf3 Be6 7. O-O O-O 8. a3
Ba5 9. b4 Bb6 10. Rb1 d5 11. b5 Nd4 12. Nxd4 exd4 13. Na4 Qe7 14. Nxb6 axb6 15.
a4 Rxa4 16. c3 dxc3 17. Qxa4 dxe4 18. Bxc3 exd3 19. Bxd3 g6 20. Qa1 Bf5 21. Bxf5
gxf5 22. Bxf6 Qc5 23. Rbc1 Qxb5 24. Rxc7 Rd8 25. Rxb7 Qc6 26. Bxd8 Qxb7 27. Qb1
Qd7 28. Bxb6 Qb7 29. Re1 h6 30. Re8+ Kg7 31. g3 Kf6 32. h4 h5 33. f4 Qf3 34.
Qb2+ Kg6 35. Rg8+ Kh7 36. Qg7# {LottiauNathan est échec et mat} 1-0

[Event "Tournament 14459 - Europe Echecs"]
[Site "Europe Echecs"]
[Date "2020.07.07"]
[Round "3"]
[Time "15:11:54"]
[PlyCount "29"]
[White "GervaisClement"]
[Black "FonsatJeanMarc"]
[WhiteElo "799"]
[BlackElo "1030"]
[Mode "WEB"]
[Result "0-1"]

1. e4 e5 2. Nf3 Nf6 3. Nc3 Nc6 4. Bc4 Bb4 5. O-O Bxc3 6. dxc3 O-O 7. Bg5 h6 8.
Be3 Na5 9. Kh1 Nxc4 10. Bc5 d6 11. Bb4 c5 12. Ba5 Qxa5 13. Re1 Ng4 14. Ng1 Nxf2# {GervaisClement est échec et mat} 0-1

[Event "Tournament 14459 - Europe Echecs"]
[Site "Europe Echecs"]
[Date "2020.07.07"]
[Round "3"]
[Time "15:11:54"]
[PlyCount "29"]
[White "GrenouillatFel"]
[Black "MadatyanEdgar"]
[WhiteElo "799"]
[BlackElo "1020"]
[Mode "WEB"]
[Result "0-1"]

1. f4 f5 2. d4 d5 3. Qd2 Nf6 4. Qd3 e6 5. Qc3 Nc6 6. Qc4 Ne4 7. Qd3 Qh4+ 8. Kd1
Nf2+ 9. Kd2 Nxd3 10. Kxd3 Qxf4 11. e3 Qxf1+ 12. Kd2 e5 13. dxe5 Nxe5 14. g3 Bb4+ {GrenouillatFel a perdu au temps} 0-1

[Event "Tournament 14459 - Europe Echecs"]
[Site "Europe Echecs"]
[Date "2020.07.07"]
[Round "3"]
[Time "15:11:54"]
[PlyCount "36"]
[White "DincovChristia"]
[Black "CazacuSofia"]
[WhiteElo "1019"]
[BlackElo "799"]
[Mode "WEB"]
[Result "1-0"]

1. e4 e5 2. Nf3 Nf6 3. Nxe5 Nxe4 4. Qe2 Nf6 5. Nc6+ Be7 6. Nxd8 Kxd8 7. Nc3 Nc6
8. d3 d5 9. Bg5 g6 10. Qf3 Ng8 11. Bxe7+ Kxe7 12. Nxd5+ Kd6 13. c4 b5 14. Qf4+
Kd7 15. Qxc7+ Ke8 16. Qxc6+ Kd8 17. Qd6+ Ke8 18. Nc7# {CazacuSofia est échec et mat} 1-0

[Event "Tournament 14459 - Europe Echecs"]
[Site "Europe Echecs"]
[Date "2020.07.07"]
[Round "3"]
[Time "15:11:54"]
[PlyCount "59"]
[White "BarrauArthur"]
[Black "EripretRaoul"]
[WhiteElo "980"]
[BlackElo "799"]
[Mode "WEB"]
[Result "0-1"]

1. e4 e5 2. Nf3 Nc6 3. Nc3 Nf6 4. Bc4 Bc5 5. d3 d6 6. Bg5 h6 7. Bc1 a6 8. O-O b5
9. b4 Bxb4 10. Bb3 Bxc3 11. Rb1 Be6 12. a3 Bxb3 13. Rxb3 Bd4 14. c3 Bb6 15. Re1
Na5 16. Kh1 Nxb3 17. Qxb3 Bxf2 18. Rf1 Bb6 19. Bd2 Ng4 20. Be1 Ne3 21. Rf2 Ng4
22. Re2 Ne3 23. Bh4 Qd7 24. Kg1 g5 25. Kh1 gxh4 26. Nxh4 Qe7 27. Kg1 Qxh4 28. g3
Qh3 29. Kh1 Qf1# {BarrauArthur est échec et mat} 0-1

[Event "Tournament 14459 - Europe Echecs"]
[Site "Europe Echecs"]
[Date "2020.07.07"]
[Round "3"]
[Time "15:11:54"]
[PlyCount "50"]
[White "PotieEmilio"]
[Black "BorremansPaul"]
[WhiteElo "799"]
[BlackElo "980"]
[Mode "WEB"]
[Result "1-0"]

1. d4 d5 2. Bf4 Nc6 3. Nf3 Nf6 4. Nc3 Bg4 5. e3 e6 6. Bd3 Bb4 7. a3 Ba5 8. h3
Bh5 9. O-O O-O 10. g4 Bxg4 11. hxg4 Nxg4 12. Ng5 h6 13. Bh7+ Kh8 14. Nxf7+ Rxf7
15. Qxg4 Kxh7 16. b4 Bb6 17. e4 dxe4 18. Nxe4 Nxd4 19. Rfd1 g5 20. Nxg5+ hxg5
21. Qxg5 Qf8 22. Kg2 Nxc2 23. Rh1+ Qh6 24. Qxh6+ Kg8 25. Qh8# {BorremansPaul est échec et mat} 1-0

[Event "Tournament 14459 - Europe Echecs"]
[Site "Europe Echecs"]
[Date "2020.07.07"]
[Round "3"]
[Time "15:11:54"]
[PlyCount "92"]
[White "ClairThibaud"]
[Black "FongaroLeon"]
[WhiteElo "980"]
[BlackElo "799"]
[Mode "WEB"]
[Result "1-0"]

1. d4 d5 2. Bf4 Nc6 3. e3 Nf6 4. Bd3 Bg4 5. f3 Bh5 6. Nd2 e6 7. Ne2 Bb4 8. c3
Ba5 9. O-O O-O 10. b4 Bb6 11. a3 Qd6 12. Bxd6 cxd6 13. a4 e5 14. dxe5 dxe5 15.
a5 e4 16. fxe4 dxe4 17. Bxe4 Nxe4 18. Nxe4 Bxe3+ 19. Kh1 Ne5 20. Rf5 Ng4 21.
Rxh5 Nf2+ 22. Nxf2 Bxf2 23. Qf1 Be3 24. Re5 Bd2 25. Re7 Bxc3 26. Rd1 Bxb4 27.
Rdd7 Bxe7 28. Rxe7 b6 29. axb6 axb6 30. h3 b5 31. Qb1 Rab8 32. Qb4 h6 33. Re5
Kh8 34. Rxb5 Rbe8 35. Nf4 Rd8 36. Nd5 Ra8 37. Ne7 Ra1+ 38. Kh2 Raa8 39. Nc6 Kh7
40. Rb8 Raxb8 41. Nxb8 Rxb8 42. Qxb8 Kg6 43. Qb3 f6 44. Qb1+ Kh5 45. Qd1+ Kh4
46. Qg4# {FongaroLeon est échec et mat} 1-0

[Event "Tournament 14459 - Europe Echecs"]
[Site "Europe Echecs"]
[Date "2020.07.07"]
[Round "3"]
[Time "15:11:54"]
[PlyCount "136"]
[White "RossoTiziano"]
[Black "GadoisArnaud"]
[WhiteElo "799"]
[BlackElo "950"]
[Mode "WEB"]
[Result "1-0"]

1. e4 e5 2. Nf3 Nc6 3. Nc3 Nf6 4. Bc4 Bc5 5. Ng5 O-O 6. O-O d6 7. Nd5 Bg4 8. Qe1
Nxd5 9. exd5 Na5 10. Bb5 Qxg5 11. d4 Qg6 12. dxc5 Bh3 13. g3 Bxf1 14. Qxf1 dxc5
15. Qe1 b6 16. Qxe5 Qxc2 17. Qxc7 Qd1+ 18. Kg2 Qxd5+ 19. Kg1 Rae8 20. Bf4 Re6
21. Bd7 Re7 22. Qxa7 Rxd7 23. Qxb6 Nc4 24. Qb5 Rb7 25. Qa4 Nxb2 26. Qc2 Qd3 27.
Qxc5 Na4 28. Qg5 Rb5 29. Qg4 Re8 30. Bh6 Qg6 31. Qxg6 hxg6 32. Be3 Reb8 33. Rf1
Rb1 34. Bf4 Rxf1+ 35. Kxf1 Rb1+ 36. Kg2 Nc3 37. Be5 Ne4 38. h4 Rb2 39. Kf3 Rb4
40. g4 f6 41. Bc7 f5 42. gxf5 g5 43. hxg5 Nxg5+ 44. Kg3 Kf7 45. Bd6 Kf6 46. Bxb4
Kxf5 47. a4 Ne4+ 48. Kf3 Ng5+ 49. Ke2 Ne6 50. a5 Nc7 51. Bd6 Na8 52. a6 Ke6 53.
Bc5 Kd7 54. a7 Kc7 55. Ke3 Kb7 56. Ke4 Nc7 57. Kf5 Na6 58. Be3 Nc7 59. Kg6 Ne6
60. Kf7 Nd8+ 61. Kxg7 Ne6+ 62. Kf6 Nc7 63. f4 Nb5 64. f5 Nxa7 65. Bxa7 Kxa7 66.
Ke6 Kb8 67. f6 Kc8 68. f7 {GadoisArnaud a abandonné} 1-0

[Event "Tournament 14459 - Europe Echecs"]
[Site "Europe Echecs"]
[Date "2020.07.07"]
[Round "3"]
[Time "15:11:54"]
[PlyCount "68"]
[White "PenarrubiaTom"]
[Black "HuJeremy"]
[WhiteElo "950"]
[BlackElo "799"]
[Mode "WEB"]
[Result "1-0"]

1. e4 e5 2. Nf3 Nc6 3. Nc3 Nf6 4. Bc4 Bc5 5. d3 d6 6. Be3 Be6 7. O-O O-O 8. Nd5
Bxd5 9. exd5 Nxd5 10. Bxd5 Qd7 11. d4 exd4 12. Bxd4 Nxd4 13. Nxd4 Bb4 14. c3 c5
15. Nc2 Ba5 16. Qd3 Rfe8 17. Rfe1 Rxe1+ 18. Rxe1 Re8 19. Re3 Bd8 20. Qe2 Rf8 21.
Be4 Bg5 22. Rg3 h6 23. Qf3 Rd8 24. Bf5 Qe7 25. h4 Bxh4 26. Rg4 Bg5 27. Qg3 b6
28. Ne3 Bxe3 29. fxe3 g6 30. Bxg6 fxg6 31. Rxg6+ Kf7 32. Rxh6 Re8 33. Qg6+ Kf8
34. Rh8# {HuJeremy est échec et mat} 1-0

[Event "Tournament 14459 - Europe Echecs"]
[Site "Europe Echecs"]
[Date "2020.07.07"]
[Round "3"]
[Time "15:11:54"]
[PlyCount "76"]
[White "SevindikKaan"]
[Black "WangYize"]
[WhiteElo "799"]
[BlackElo "920"]
[Mode "WEB"]
[Result "1-0"]

1. d4 d6 2. e3 e5 3. Bb5+ Nc6 4. Nf3 f6 5. Bxc6+ bxc6 6. c3 Ne7 7. O-O Ba6 8.
Re1 Rb8 9. Qa4 Bb5 10. Qxa7 Nf5 11. Rd1 Be2 12. Rd2 Bxf3 13. gxf3 Ra8 14. Qb7 c5
15. Qc6+ Kf7 16. Qd5+ Ke8 17. Qe4 Nh6 18. Qc6+ Kf7 19. Na3 cxd4 20. exd4 exd4
21. cxd4 f5 22. Rd3 Qg5+ 23. Bxg5 Re8 24. Qxc7+ Be7 25. Bxe7 Rxe7 26. Qxd6 Rhe8
27. Nb5 Re6 28. Qd7+ R8e7 29. Qd5 Kg8 30. Nc7 Rxc7 31. Qxe6+ Rf7 32. Qe8+ Rf8
33. Qe6+ Rf7 34. Re3 Kh8 35. Qe8+ Ng8 36. Rc1 Rf6 37. Rc8 g6 38. Qxg8# {WangYize est échec et mat} 1-0

[Event "Tournament 14459 - Europe Echecs"]
[Site "Europe Echecs"]
[Date "2020.07.07"]
[Round "4"]
[Time "15:43:08"]
[PlyCount "50"]
[White "BronnyGermain"]
[Black "BoulosPaul"]
[WhiteElo "1354"]
[BlackElo "1705"]
[Mode "WEB"]
[Result "1-0"]

1. d4 d5 2. c4 e6 3. Nc3 Nf6 4. Nf3 Be7 5. Bg5 O-O 6. e3 Nbd7 7. Bd3 b6 8. O-O
Bb7 9. Qc2 Rc8 10. cxd5 exd5 11. a3 h6 12. Bf4 c5 13. Rac1 Re8 14. Rfe1 c4 15.
Bf1 Nf8 16. g3 Ng6 17. Bg2 Qd7 18. Ne5 Nxe5 19. Bxe5 b5 20. b4 a5 21. bxa5 Bxa3
22. Ra1 b4 23. Ne2 Nh7 24. Reb1 Ra8 25. Nf4 {BoulosPaul a perdu au temps} 1-0

[Event "Tournament 14459 - Europe Echecs"]
[Site "Europe Echecs"]
[Date "2020.07.07"]
[Round "4"]
[Time "15:43:08"]
[PlyCount "120"]
[White "BreuilVirgile"]
[Black "SayahHobonNoah"]
[WhiteElo "1622"]
[BlackElo "1364"]
[Mode "WEB"]
[Result "1-0"]

1. e4 c5 2. c3 d6 3. d4 cxd4 4. cxd4 Nf6 5. Nc3 e6 6. Bb5+ Bd7 7. Bxd7+ Qxd7 8.
Nf3 Be7 9. O-O O-O 10. Re1 Nc6 11. Be3 a6 12. Qc2 Nb4 13. Qb3 Ng4 14. Qxb4 Nxe3
15. fxe3 d5 16. Qb3 dxe4 17. Nxe4 Rac8 18. Rac1 Rxc1 19. Rxc1 Rc8 20. Rxc8+ Qxc8
21. Qc3 Qxc3 22. Nxc3 f6 23. d5 e5 24. g4 Kf7 25. Ne4 Ke8 26. d6 Bf8 27. Nc5
Bxd6 28. Nxb7 Bb4 29. a3 Be7 30. Na5 Bc5 31. Kf2 Kd7 32. Nb3 Bb6 33. Nfd2 Kc6
34. Nc4 Bc7 35. e4 Kb5 36. Nbd2 Kc5 37. Ke3 Kb5 38. b3 a5 39. a4+ Kb4 40. Kd3 g6
41. Kc2 h6 42. Ne3 Kc5 43. Nd5 Bd8 44. Kd3 h5 45. gxh5 gxh5 46. Ne3 Kd6 47. Nf5+
Ke6 48. Ng7+ Kf7 49. Nxh5 Kg6 50. Ng3 Kg5 51. Ke3 Bb6+ 52. Kf3 Bg1 53. Kg2 Be3
54. Nc4 Bf4 55. Nxa5 Bxg3 56. Kxg3 f5 57. exf5 Kxf5 58. Nc4 e4 59. a5 e3 60.
Nxe3+ {SayahHobonNoah a abandonné} 1-0

[Event "Tournament 14459 - Europe Echecs"]
[Site "Europe Echecs"]
[Date "2020.07.07"]
[Round "4"]
[Time "15:43:08"]
[PlyCount "63"]
[White "AuribaultLouis"]
[Black "SamouelianSola"]
[WhiteElo "1618"]
[BlackElo "1349"]
[Mode "WEB"]
[Result "0-1"]

1. e4 e5 2. Nf3 Nc6 3. Bb5 a6 4. Ba4 Nf6 5. Nc3 Be7 6. O-O b5 7. Bb3 d6 8. h3 h6
9. d3 g5 10. Nd5 Nxd5 11. Bxd5 Bd7 12. d4 Rb8 13. Bxc6 Bxc6 14. dxe5 dxe5 15.
Nxe5 Bxe4 16. Qxd8+ Rxd8 17. Re1 Bxc2 18. Nc6 Rd7 19. Be3 Be4 20. Nxe7 Rxe7 21.
Bc5 Re6 22. Rac1 Kd7 23. Red1+ Kc8 24. Bd4 Rd8 25. Rc3 Red6 26. f3 Bg6 27. Rcc1
Rxd4 28. Rxd4 Rxd4 29. Rc6 Kb7 30. Rc1 Rd2 31. b3 Rxa2 {AuribaultLouis a abandonné} 0-1

[Event "Tournament 14459 - Europe Echecs"]
[Site "Europe Echecs"]
[Date "2020.07.07"]
[Round "4"]
[Time "15:43:08"]
[PlyCount "114"]
[White "QuenehenNassim"]
[Black "BonelliMaestra"]
[WhiteElo "1322"]
[BlackElo "1545"]
[Mode "WEB"]
[Result "1-0"]

1. d4 d5 2. c4 c6 3. Nf3 e6 4. Nc3 Nf6 5. e3 Bb4 6. Bd3 Nbd7 7. O-O Bd6 8. e4
dxe4 9. Nxe4 Nxe4 10. Bxe4 Nf6 11. Bd3 h6 12. Re1 O-O 13. Ne5 Bxe5 14. dxe5 Nd7
15. Qh5 Qe7 16. Re4 f5 17. exf6 Nxf6 18. Qg6 Qf7 19. Qxf7+ Rxf7 20. Re1 Bd7 21.
Be3 Re7 22. Bc5 Ree8 23. Bg6 Rec8 24. Rad1 b6 25. Be7 Rc7 26. Bxf6 gxf6 27. Rd6
Kg7 28. Bh5 f5 29. Red1 Rd8 30. Bf3 Kf6 31. Bxc6 Bxc6 32. Rxd8 Be4 33. b3 Rc5
34. f3 Bb7 35. R8d7 Bc8 36. Rxa7 Ke5 37. Rh7 b5 38. cxb5 Rxb5 39. Rxh6 Ra5 40.
a4 Rc5 41. Rh8 Bb7 42. Rb8 Bd5 43. b4 Rc7 44. Re1+ Kf4 45. b5 Ra7 46. Ra1 Ke3
47. b6 Ra6 48. a5 Kd4 49. h4 Ke5 50. h5 Kf6 51. Rd8 Kg5 52. Rd7 Kxh5 53. Ra7
Rxa7 54. bxa7 Kg6 55. Rb1 Kf6 56. Rb8 Ke5 57. a8=Q {BonelliMaestra a abandonné} 1-0

[Event "Tournament 14459 - Europe Echecs"]
[Site "Europe Echecs"]
[Date "2020.07.07"]
[Round "4"]
[Time "15:43:08"]
[PlyCount "115"]
[White "DabremontGuill"]
[Black "KhouryTheo"]
[WhiteElo "1311"]
[BlackElo "1465"]
[Mode "WEB"]
[Result "0-1"]

1. b4 e5 2. Bb2 d6 3. e4 Nf6 4. Nc3 Be7 5. Nf3 O-O 6. Bc4 Nc6 7. O-O Nxb4 8. h3
a6 9. Rb1 b5 10. Be2 Bb7 11. Ba3 Nc6 12. Nd5 Nxe4 13. Nxe7+ Qxe7 14. Bd3 Nf6 15.
Ng5 h6 16. Nf3 Qd7 17. c4 e4 18. cxb5 axb5 19. Rxb5 Ba6 20. Re1 Bxb5 21. Bxb5
exf3 22. Qxf3 Rfe8 23. Rxe8+ Qxe8 24. Bxc6 Qe1+ 25. Kh2 Rf8 26. Bb2 Qe6 27. Ba4
Qxa2 28. Qa3 Qxa3 29. Bxa3 Ra8 30. Bxd6 cxd6 31. Bc6 Ra2 32. d4 Rxf2 33. Kg3 Rd2
34. d5 Nxd5 35. Kf3 Nb4 36. Ba4 d5 37. g4 d4 38. h4 d3 39. g5 hxg5 40. hxg5 Re2
41. Bb3 Kf8 42. Bd1 Re1 43. Bb3 d2 44. Kf2 d1=Q 45. Bxd1 Rxd1 46. Kf3 Rg1 47.
Kf4 Nd5+ 48. Kf5 g6+ 49. Ke5 Rxg5+ 50. Kd6 Rf5 51. Kd7 g5 52. Kc6 g4 53. Kd6 g3
54. Kc6 g2 55. Kd6 g1=Q 56. Kc6 Qb6+ 57. Kd7 Qc7# {DabremontGuill est échec et mat} 0-1

[Event "Tournament 14459 - Europe Echecs"]
[Site "Europe Echecs"]
[Date "2020.07.07"]
[Round "4"]
[Time "15:43:08"]
[PlyCount "144"]
[White "KouamNoe"]
[Black "CharrierShayan"]
[WhiteElo "1462"]
[BlackElo "1260"]
[Mode "WEB"]
[Result "1-0"]

1. e4 c6 2. d4 d5 3. Nc3 dxe4 4. f3 e3 5. Bxe3 Bf5 6. Bc4 Nf6 7. Nge2 e6 8. O-O
h6 9. Ng3 Bh7 10. Re1 Be7 11. Qd2 O-O 12. Nge4 Nbd7 13. Bf2 Bb4 14. a3 Ba5 15.
b4 Bc7 16. Bd3 Qb8 17. Ng3 Bxd3 18. Qxd3 e5 19. Qf5 exd4 20. Bxd4 Bxg3 21. hxg3
Qxg3 22. Bxf6 Nxf6 23. Ne4 Qg6 24. Nxf6+ gxf6 25. Qc5 Qg5 26. Qc3 Rfe8 27. Rad1
Qg3 28. Rxe8+ Rxe8 29. Qxf6 Qg6 30. Qxg6+ fxg6 31. Kf2 Re7 32. c4 Kf7 33. Rd6 h5
34. c5 Re6 35. Rxe6 Kxe6 36. Ke3 g5 37. Ke4 b6 38. cxb6 axb6 39. a4 Kd7 40. a5
bxa5 41. bxa5 Kc7 42. Kd4 Kb7 43. Kc5 Ka6 44. Kxc6 Kxa5 45. Kd5 Kb4 46. Ke5 Kc5
47. Kf5 Kd6 48. Kxg5 h4 49. Kxh4 Ke6 50. g4 Kf7 51. Kg5 Kg7 52. f4 Kf7 53. Kf5
Kg7 54. g5 Kf7 55. g6+ Kg7 56. Kg5 Kg8 57. f5 Kh8 58. Kh6 Kg8 59. f6 Kh8 60. g7+
Kg8 61. f7+ Kxf7 62. Kh7 Kf6 63. g8=Q Kf5 64. Kh6 Kf6 65. Qf8+ Ke6 66. Kg5 Kd7
67. Qf6 Ke8 68. Kf5 Kd7 69. Ke5 Ke8 70. Qg7 Kd8 71. Kd6 Kc8 72. Qc7# {CharrierShayan est échec et mat} 1-0

[Event "Tournament 14459 - Europe Echecs"]
[Site "Europe Echecs"]
[Date "2020.07.07"]
[Round "4"]
[Time "15:43:08"]
[PlyCount "86"]
[White "AymericElijah"]
[Black "BornhofenValen"]
[WhiteElo "1450"]
[BlackElo "1258"]
[Mode "WEB"]
[Result "1/2-1/2"]

1. e4 e5 2. Nf3 Nc6 3. Nc3 Nf6 4. Bc4 Bc5 5. d3 d6 6. h3 Be6 7. Bxe6 fxe6 8. O-O
O-O 9. Re1 Qe7 10. Be3 Bb6 11. Qd2 Nd4 12. Bxd4 exd4 13. Ne2 c5 14. Ng3 Rae8 15.
e5 Nd7 16. exd6 Qxd6 17. Ne4 Qe7 18. Neg5 Qd6 19. Ne4 Qe7 20. Re2 e5 21. Ng3 Qf6
22. Rae1 Bc7 23. Ne4 Qf4 24. Qxf4 exf4 25. Ned2 Nf6 26. Rxe8 Rxe8 27. Rxe8+ Nxe8
28. g3 fxg3 29. fxg3 b6 30. Kg2 Nf6 31. Ne4 Nd5 32. c4 Ne3+ 33. Kg1 h6 34. b3
Kf7 35. Kf2 Ke6 36. g4 Bf4 37. a3 a5 38. a4 g5 39. Ke2 Kf7 40. Kf2 Ke6 41. Ke2
Kf7 42. Kf2 Ke6 43. Ke2 {Nulle par répétition} 1/2-1/2